Comuni della Provincia di Ascoli Piceno (con mappa) - Statistics

Statistiche generali
  • Questo quiz è stato fatto 34 volte
  • Il punteggio medio è 27 su 33
Risposte nella Mappa
Le risposte nella mappa del quiz sottostante sono codificate secondo una scala di colori dal rosso al verde in base alla % di persone che hanno risposto correttamente.
 
Statistiche sulle risposte
Risposta % Corretto
Ascoli Piceno
100%
Grottammare
100%
San Benedetto del Tronto
100%
Offida
95%
Spinetoli
95%
Arquata del Tronto
89%
Castel di Lama
89%
Colli del Tronto
89%
Folignano
89%
Maltignano
89%
Acquasanta Terme
84%
Acquaviva Picena
84%
Monsampolo del Tronto
84%
Monteprandone
84%
Ripatransone
84%
Venarotta
84%
Castignano
79%
Castorano
79%
Comunanza
79%
Cupra Marittima
79%
Montefiore dell'Aso
79%
Rotella
79%
Carassai
74%
Cossignano
74%
Force
74%
Montalto delle Marche
74%
Montedinove
74%
Palmiano
74%
Roccafluvione
74%
Appignano del Tronto
68%
Montemonaco
68%
Massignano
63%
Montegallo
58%
Nessun quiz corrispondente trovato
Distribuzione punteggi
Percentuale di utenti per punteggio
Percentile per numero di risposta
I tuoi punteggi nel tempo
Non hai fatto questo quiz